Central Library OPAC University of Rajshahi

The illustrated book of guns and rifles / (Record no. 66810)

MARC details
000 -LEADER
fixed length control field 00728nam a22002537a 4500
001 - CONTROL NUMBER
control field 66810
003 - CONTROL NUMBER IDENTIFIER
rucl marc code BD-RjUL
005 - DATE AND TIME OF LATEST TRANSACTION
control field 20211209081559.0
008 - FIXED-LENGTH DATA ELEMENTS--GENERAL INFORMATION
fixed length control field 170320s1979 nyua|||| |||| 001 0 eng d
020 ## - INTERNATIONAL STANDARD BOOK NUMBER
International Standard Book Number 0600341046
035 ## - SYSTEM CONTROL NUMBER
System control number (BD-RjUL)66941
040 ## - CATALOGING SOURCE
Original cataloging agency BD-RjUL
Language of cataloging eng
Transcribing agency BD-RjUL
041 ## - LANGUAGE CODE
Language code of text/sound track or separate title eng
082 ## - DEWEY DECIMAL CLASSIFICATION NUMBER
Edition number 23
Classification number 623.4425
Author mark and year ILL 1979
245 04 - TITLE STATEMENT
Title The illustrated book of guns and rifles /
Statement of responsibility, etc. Edited by Frederick Wilkinson.
260 ## - PUBLICATION, DISTRIBUTION, ETC. (IMPRINT)
Place of publication, distribution, etc. London ;
-- New York :
Name of publisher, distributor, etc. Hamlyn,
Date of publication, distribution, etc. c1979.
300 ## - PHYSICAL DESCRIPTION
Pagination 191 p. :
Illustrations ill. ;
Size 29 cm.
500 ## - GENERAL NOTE
General note Includes index.
650 ## - SUBJECT ADDED ENTRY--TOPICAL TERM
Topical term or geographic name as entry element Firearms
General subdivision History.
9 (RLIN) 197804
Topical term or geographic name as entry element Rifles.
9 (RLIN) 197805
Topical term or geographic name as entry element Firearms.
9 (RLIN) 197806
700 ## - ADDED ENTRY--PERSONAL NAME
Personal name Wilkinson, Frederick.
942 ## - ADDED ENTRY ELEMENTS (KOHA)
Source of classification or shelving scheme Dewey Decimal Classification
Koha item type Books
Holdings
Lost status Source of classification or shelving scheme Damaged status Not for loan Collection code Permanent Location Current Location Shelving location Date acquired Source of acquisition Cost, normal purchase price Total Checkouts Full call number Date last seen Copy number Koha item type
  Dewey Decimal Classification   Not For Loan Non-fiction Central Library, University of Rajshahi Central Library, University of Rajshahi Reading Room 23/08/1987 Standard Pub. Dhaka 960.00   623.4425 ILL 1979 20/03/2017 C-1 Books